Continuous integration for automated test execution with Jenkins /
Saved in:
| Main Author: | |
|---|---|
| Format: | Thesis Book |
| Language: | English |
| Published: |
2013.
|
| Subjects: | |
| Tags: |
Add Tag
No Tags, Be the first to tag this record!
|
| LEADER | 00996cam a2200253 a 4500 | ||
|---|---|---|---|
| 001 | u876233 | ||
| 003 | SIRSI | ||
| 005 | 201303191211 | ||
| 008 | 130319s2013 my a t 000 0 eng m | ||
| 040 | |a UMM | ||
| 090 | |a QA76.758 |b UM 2013 Azrs | ||
| 100 | 0 | |a Azriana Sanimin. | |
| 245 | 1 | 0 | |a Continuous integration for automated test execution with Jenkins / |c Azriana Sanimin. |
| 260 | |c 2013. | ||
| 300 | |a x, 123 [8] leaves : |b ill. ; |c 30 cm. | ||
| 502 | |a Dissertation (M.Softw.Eng.) -- Jabatan Kejuruteraan Perisian, Fakulti Sains Komputer dan Teknologi Maklumat, Universiti Malaya, 2013. | ||
| 504 | |a Bibliography: leaves [124-126]. | ||
| 650 | 0 | |a Computer software |x Testing |x Automation. | |
| 650 | 0 | |a Computer software |x Development. | |
| 650 | 0 | |a Open source software. | |
| 710 | 2 | |a Universiti Malaya. |b Jabatan Kejuruteraan Perisian. | |
| 900 | |a AT-ZA | ||
| 596 | |a 1 | ||
| 999 | |a QA76.758 UM 2013 AZRS |w LC |c 1 |i A515559041 |d 22/4/2016 |e 22/4/2016 |f 3/7/2013 |g 1 |l STACKS |m P01UTAMA |n 1 |r Y |s Y |t TESIS |u 2/7/2013 | ||
